00681nam a2200265Ia 450000500170000000800460001702000180006303700100008104000080009104000080009904000080010704100080011504100080012308400080013110000390013924500170017826000230019526000090021836500050022736500080023285600530024094200100029399900210030395200910032420260324130139.0008 260324s9999 xx 000 0 eng d a9780203722992 aEBOOK aCRL beng cCRL 2eng aeng qCRL aTony Storey; Alan Lidbury91180682 0aCriminal Law bTaylor and Francis c2008 a b300 uhttp://www.taylorfrancis.com/books/9780203722992 cEBOOK c1776595d1776595 00104070aCRLbCRLd2026-03-24l0pCL2058770r2026-03-24 13:01:39w2026-03-24yEBOOK